000 01639nam a2200517 a 4500
001 20038
003 VRT
005 20260205090616.0
008 180731s2009 xr o g h 000 0bcze
020 _a9788073351946
_q(viaz.)
039 9 _a202012090956
_bAUTHORITY
_c201807311039
_dVLOAD
_c201104271005
_dmsavuk22
_c201011091017
_dmsnk16
040 _aSNK
_bslo
_cSNK
_eAACR2
041 0 _acze
043 _ae-xr---
044 _axr
_cCZ
072 7 _a78.07
_xHudobníci, skladatelia a iné hudobné povolania
_2konspekt
072 7 _a929
_xBiografie
_2konspekt
080 _a929
_22001
080 _a78.071.1/.2
_22001
080 _a821.162.3-1
_22001
080 _a(437.3)
_22001
080 _a(047.53)
_22001
080 _a(092)
_22001
080 _a(0:82-192)
_22001
100 1 _aKryl, Karel,
_d1944-1994
_4ive
245 1 0 _aPůlkacíř
_bKarel Kryl v rozhovoru s Milošem Čermákem
246 3 _aPůlkacíř Karel Kryl
250 _a3. pozměněné vyd.
260 _aVoznice
_bLeda
_aPraha
_bRozmluvy
_c2009
300 _a269 s.
_bfotogr.
_c21 cm
600 1 7 _aKryl, Karel,
_d1944-1994
_2SNKMA
648 7 _a20. stor.
_2SNKPH
648 7 _a20th century
_2SNKPHeng
650 0 7 _apesničkári
_2SNKPH
650 0 7 _aSongsters
_2SNKPHeng
651 7 _aČesko
_2SNKPH
651 7 _aCzechia
_2SNKPHeng
655 7 _arozhovory
_2SNKPH
655 7 _aautobiografie
_2SNKPH
655 7 _aInterviews
_2SNKPHeng
655 7 _aAutobiography
_2SNKPHeng
700 1 _aČermák, Miloš,
_d1968-
_4ivr
910 _asnk
942 _2ddc
_cKLDO
_n0
949 _617A0644175
_9snkKRY 78:929
_asnkIC 138727
_bsnk2010/11807
_of.č.:06 010 Martinus
999 _c20038
_d20038